Active inclusion - tool of prevent and eliminate of poverty and social exclusion

Na minha lista:
Detalhes bibliográficos
Autor principal: Ošková, Silvia, 1979-
Formato: Capítulo de Livro
Idioma:inglês
Tags: Adicionar Tag
Sem tags, seja o primeiro a adicionar uma tag!

MARC

LEADER 00000naa$a2200000$$$4500
001 0103402
005 20240502083246.8
041 0 |a eng 
044 |a CZ 
245 1 0 |a Active inclusion - tool of prevent and eliminate of poverty and social exclusion  |c Silvia Ošková 
500 |a Abstrakt 
100 1 |a Ošková, Silvia, 1979-